Traite de calcul differentiel et de calcul integral / (Record no. 152048)

MARC details
000 -LEADER
campo de control de longitud fija 00865nam a22002175i 4500
001 - NÚMERO DE CONTROL
campo de control 152048
003 - IDENTIFICADOR DE NÚMERO DE CONTROL
campo de control ES-MaACL
005 - FECHA Y HORA DE LA ÚLTIMA TRANSACCIÓN
campo de control 20250724074833.0
008 - DATOS DE LONGITUD FIJA--INFORMACIÓN GENERAL
campo de control de longitud fija 000112m18641870fr |||| | fre d
040 ## - FUENTE DE CATALOGACIÓN
Centro catalogador/agencia de origen M-RACE
Lengua de catalogación spa
Centro/agencia transcriptor M-RACE
Centro/agencia modificador CCPB | B
100 1# - ENTRADA PRINCIPAL--NOMBRE DE PERSONA
Nombre de persona Bertrand, Joseph.
9 (RLIN) 28530
245 10 - MENCIÓN DEL TÍTULO
Título Traite de calcul differentiel et de calcul integral /
Mención de responsabilidad, etc. par J. Bertrand.
260 ## - PUBLICACIÓN, DISTRIBUCIÓN, ETC.
Lugar de publicación, distribución, etc. Paris :
Nombre del editor, distribuidor, etc. Gauthier-Villars,
Fecha de publicación, distribución, etc. 1864-1870.
300 ## - DESCRIPCIÓN FÍSICA
Extensión 2 v.(VII, XLIV, 780; XII, 725 p.) ;
Dimensiones 28 cm.
505 8# - NOTA DE CONTENIDO CON FORMATO
Nota de contenido con formato Contiene: T. I. Calcul differentiel -- T. II. Calcul integral : integrales definies et indefinies
650 #4 - PUNTO DE ACCESO ADICIONAL DE MATERIA--TÉRMINO DE MATERIA
Término de materia o nombre geográfico como elemento de entrada Cálculo diferencial.
9 (RLIN) 135859
650 #4 - PUNTO DE ACCESO ADICIONAL DE MATERIA--TÉRMINO DE MATERIA
Término de materia o nombre geográfico como elemento de entrada Cálculo integral.
9 (RLIN) 10672
650 #7 - PUNTO DE ACCESO ADICIONAL DE MATERIA--TÉRMINO DE MATERIA
Término de materia o nombre geográfico como elemento de entrada Geometría
Fuente del encabezamiento o término embne
9 (RLIN) 13096
852 ## - LOCALIZACIÓN
Ubicación ES-MaACL
Número de control de estantería G-11844
Nota libre -- Enc. hol., deteriorada
condición física -- Sólo t. I. Calcul différentiel (XLIV, 780 p.)
Holdings
Estatus retirado Estado de pérdida Estado de daño No para préstamo Colección Biblioteca de origen Biblioteca actual Ubicación en estantería Fecha de adquisición Fuente de adquisición Total de préstamos Signatura topográfica completa Código de barras Visto por última vez Precio de reemplazo Tipo de ítem Koha
        Libros del s. XIX Biblioteca del Ateneo de Madrid Biblioteca del Ateneo de Madrid Sala Pecera Planta 3 17/01/2008     G-11844 1158710 23/02/2023 23/02/2023 Libro impreso antiguo